NBA Champion and All-Star Same Year - Statistics

General Stats
  • This quiz has been taken 19 times
  • The average score is 105 of 171
Answer Stats
Year Team Player % Correct
Chris Bosh
100%
Chris Bosh
100%
Draymond Green
100%
Dwyane Wade
100%
Dwyane Wade
100%
2021 Bucks Giannis Antetokounmpo
100%
2024 Celtics Jayson Tatum
100%
Klay Thompson
100%
Klay Thompson
100%
Klay Thompson
100%
2010 Lakers Kobe Bryant
100%
2009 Lakers Kobe Bryant
100%
Kobe Bryant
100%
2020 Lakers LeBron James
100%
2016 Cavaliers LeBron James
100%
2013 Heat LeBron James
100%
2012 Heat LeBron James
100%
1998 Bulls Michael Jordan
100%
1997 Bulls Michael Jordan
100%
1996 Bulls Michael Jordan
100%
1993 Bulls Michael Jordan
100%
1992 Bulls Michael Jordan
100%
1991 Bulls Michael Jordan
100%
2023 Nuggets Nikola Jokić
100%
Scottie Pippen
100%
Scottie Pippen
100%
Scottie Pippen
100%
Scottie Pippen
100%
2025 Thunder Shai Gilgeous-Alexander
100%
2002 Lakers Shaquille O'Neal
100%
2001 Lakers Shaquille O'Neal
100%
2000 Lakers Shaquille O'Neal
100%
2022 Warriors Steph Curry
100%
2018 Warriors Steph Curry
100%
2017 Warriors Steph Curry
100%
2015 Warriors Steph Curry
100%
2007 Spurs Tim Duncan
100%
2005 Spurs Tim Duncan
100%
2003 Spurs Tim Duncan
100%
Anthony Davis
94%
2011 Mavericks Dirk Nowitzki
94%
Draymond Green
94%
Draymond Green
94%
2006 Heat Dwyane Wade
94%
2019 Raptors Kawhi Leonard
94%
Kevin Durant
94%
Kevin Durant
94%
Kobe Bryant
94%
Kobe Bryant
94%
Jaylen Brown
89%
Magic Johnson
89%
Manu Ginóbili
89%
Paul Pierce
89%
Tony Parker
89%
1995 Rockets Hakeem Olajuwon
83%
1994 Rockets Hakeem Olajuwon
83%
1990 Pistons Isiah Thomas
83%
2008 Celtics Kevin Garnett
83%
Kyle Lowry
83%
1984 Celtics Larry Bird
83%
2014 Spurs Tony Parker
83%
Andrew Wiggins
78%
2004 Pistons Ben Wallace
78%
1989 Pistons Isiah Thomas
78%
1988 Lakers Kareem Abdul-Jabbar
78%
1987 Lakers Kareem Abdul-Jabbar
78%
1985 Lakers Kareem Abdul-Jabbar
78%
1986 Celtics Larry Bird
78%
Magic Johnson
78%
Magic Johnson
78%
Pau Gasol
78%
Pau Gasol
78%
Ray Allen
78%
Robert Parish
78%
Robert Parish
78%
Dennis Rodman
72%
Kevin McHale
72%
1981 Celtics Larry Bird
72%
Shaquille O'Neal
72%
Jalen Williams
67%
James Worthy
67%
James Worthy
67%
Joe Dumars
67%
1982 Lakers Kareem Abdul-Jabbar
67%
1980 Lakers Kareem Abdul-Jabbar
67%
Magic Johnson
67%
Magic Johnson
67%
Moses Malone
67%
1977 Trail Blazers Bill Walton
61%
1976 Celtics John Havlicek
61%
1974 Celtics John Havlicek
61%
1983 76ers Julius Erving
61%
Robert Parish
61%
1969 Celtics Bill Russell
56%
1968 Celtics Bill Russell
56%
1966 Celtics Bill Russell
56%
1965 Celtics Bill Russell
56%
1964 Celtics Bill Russell
56%
Oscar Robertson
56%
1963 Celtics Bill Russell
50%
1972 Lakers Jerry West
50%
1971 Bucks Kareem Abdul-Jabbar
50%
1975 Warriors Rick Barry
50%
1973 Knicks Walt Frazier
50%
Walt Frazier
50%
1962 Celtics Bill Russell
44%
1961 Celtics Bill Russell
44%
1960 Celtics Bill Russell
44%
1959 Celtics Bill Russell
44%
Bob Cousy
44%
Bob Cousy
44%
Dave Cowens
44%
Dave Cowens
44%
1978 Bullets Elvin Hayes
44%
John Havlicek
44%
John Havlicek
44%
1970 Knicks Willis Reed
44%
Wilt Chamberlain
44%
1967 76ers Wilt Chamberlain
44%
Bob Cousy
39%
Bob Cousy
39%
1957 Celtics Bob Cousy
39%
John Havlicek
39%
Jo Jo White
39%
Jo Jo White
39%
Sam Jones
39%
Sam Jones
39%
Sam Jones
39%
Maurice Cheeks
33%
Norm Nixon
33%
Sam Jones
33%
Andrew Toney
28%
1958 Hawks Bob Pettit
28%
Dave DeBusschere
28%
Dave DeBusschere
28%
1979 SuperSonics Dennis Johnson
28%
Gail Goodrich
28%
Hal Greer
28%
Jack Sikma
28%
Sam Jones
28%
Tom Heinsohn
28%
Tom Heinsohn
28%
1952 Lakers George Mikan
22%
Nate Archibald
22%
Tom Heinsohn
22%
Tom Heinsohn
22%
Tom Heinsohn
22%
Bill Sharman
17%
Bill Sharman
17%
1954 Lakers George Mikan
17%
1953 Lakers George Mikan
17%
Maurice Lucas
17%
Bill Bradley
11%
Bill Sharman
11%
Chet Walker
11%
1955 Nationals Dolph Schayes
11%
1956 Warriors Paul Arizin
11%
Vern Mikkelsen
11%
Vern Mikkelsen
11%
Cliff Hagan
6%
Neil Johnston
6%
Slater Martin
6%
Tom Heinsohn
6%
Arnie Risen
0%
1951 Royals Bob Davies
0%
Jack George
0%
Jim Pollard
0%
Jim Pollard
0%
Paul Seymour
0%
Slater Martin
0%
Slater Martin
0%
No matching quizzes found
Score Distribution
Percent of People with Each Score
Percentile by Number Answered
Your Score History
You have not taken this quiz